000 00596nam a22001817a 4500
003 URS
005 20250424171439.0
008 250424b |||||||| |||| 00| 0 eng d
020 _a9786214092062
040 _cURS
050 _aFIL GV 341 .B191 2023
100 _4author
_aBallecer, Meynardo L.
245 _aPhysical activities towards health and fitness : PATHFIT 2 exercise-based fitness activities /
_cMeynardo L. Ballecer.
260 _aMandaluyong, Philippines :
_bBooks Atbp,
_c2023
300 _aviii, 164 p ; 20 cm
504 _aIncludes bibliographical references.
942 _2lcc
_cF
999 _c82650
_d82649